Радиоремонтно дело (Запис номер 419848)
[ съкратено ]
| 000 -Лидер | |
|---|---|
| Контролно поле с фиксирана дължина | nam a22 a 4500 |
| 003 - Код на организацията, давaща контролен номер | |
| Контролно поле | BLK |
| 005 - Дата и час на последна редакция | |
| Контролно поле | 20210615090133.0 |
| 008 - Елементи от данни с фиксирана дължина | |
| fixed length control field | 200805b bul|||||r ||||||| ||bul|| |
| 040 ## - Източник на каталожния запис | |
| Идентификатор на билиотеката - собственик на записа | BLK |
| 041 ## - Код за език | |
| Код за езика на текст/звукозапис или на отделно заглавие | Български |
| Код за езика КДБФ | Български |
| 080 ## - УДК | |
| Текстов определител УДК | Радиосъобщителна техника. Вж и 537.86/.87; 62137; 621.394; 621.395; 621.397 |
| УДК код - определител по УДК | 621.396 |
| УДК - код + определител | 621.396 |
| 100 1# - Редна дума - Автор | |
| Автор | Сокачев, Ангел Иванов |
| Авторска отговорност | първи автор |
| R(LIN) | 424164 |
| 139 ## - Редно поле | |
| Редна дума | Сокачев, Ангел Иванов |
| 245 10 - Сведения за заглавието | |
| Заглавие | Радиоремонтно дело |
| Редно поле (дума) | Ангел Иванов Сокачев. |
| Подзаглавни данни | Ч. I-II |
| Том | Ч. 1 |
| Заглавие на том | Учебник за IV курс на специалността "Радиоапарати и радиоуреди" при техникумите по електротехника |
| 257 ## - Страна на издаване | |
| Страна на създаване/издаване | България |
| 260 ## - Област на издателските данни | |
| Място на издаване, разпространение и проч. | София |
| Име на издателя, разпространителя и проч. | Нар. просв. |
| Година на издаване | 1955 |
| 9 (RLIN) | 216179 |
| 300 ## - Физическа характеристика | |
| Размери/Мащаб | 30 см |
| 380 ## - Жанр | |
| Жанр | Техника |
| 500 ## - Общи забележки | |
| Забележка | Цикл. изд |
| 650 #4 - Допълнително описание по предмет – тема | |
| Основно описание – тема или топоним | Радиоапаратури и радиоустройства - ремонт |
| 9 (RLIN) | 424165 |
| 760 ## - Описание на основната серия | |
| Редна дума на основното описание | Сокачев, Ангел Иванов |
| Страници - том | 126 с., 24 с. : ил. |
| Част - том | [Ч.] I: Учебник за IV курс на специалността "Радиоапарати и радиоуреди" при техникумите по електротехника |
| Заглавие | Радиоремонтно дело |
| 852 ## - Местоположение | |
| Форматна сигнатура | Цб 6.295.46357 |
| Фондова буква | Основен фонд - ползва се само за читалня |
| 856 4# - Електронен адрес и достъп | |
| Електронен формат | pdf - файл |
| Път до файла /url/ | |
| 856 4# - Електронен адрес и достъп | |
| Електронен формат | pdf - файл |
| Път до файла /url/ | |
| 999 ## - СИСТЕМНИ КОНТРОЛНИ НОМЕРА | |
| Koha biblionumber | 419848 |
| Koha biblioitemnumber | 419848 |
| 942 ## - АРТИКУЛИ | |
| Вид на библиотечния материал | Книги |
| Скрит в OPAC | Не |
| Периодичен библиозапис | Да |
| 944 ## - СЪЗДАВАНЕ И РЕДАКЦИЯ на ЗАПИСА | |
| Създаване/Редакция | Създаване |
| Дата на регистрацията/редакция | 2021-06-15 |
| Служител, извършил регистрацията/редакцията | К.Д. |
| Код за отписване | Код за изгубен артикул | Източник на класификационната схема | Код за повреда | Коз за рестрикции | Код за отдаване | Артикулен № | Име на библиотеката - собственик | Име на библиотеката, в която се намира в момента | Статус (Текущо местоположение) | Дата на вписване в системата | Местоположение - отдел | Цена в лева | Инвентарен номер | Систематично азбучна сигнатура | Баркод | Цена в евро | Служебен тип на артикула |
|---|---|---|---|---|---|---|---|---|---|---|---|---|---|---|---|---|---|
| Не е изгубен | Universal Decimal Classification | Не е повреден | само за читалня | ползва се в читалня | 837231 | Регионална библиотека "Любен Каравелов" Русе | Регионална библиотека "Любен Каравелов" Русе | Хранилище | 2021-06-16 | Основен фонд - ползва се само за читалня | 0.44 | 7556/55 | Цб 6.295.46357 | 900000063912 | 0.22 | Книги |